Największe katastrofy w Polsce (1946-2010) - Statystyki

Ogólne statystyki
  • Ten quiz został rozwiązany 119 razy
  • Średni wynik to 5 z 20
Statystyki odpowiedzi
Data: Typ katastrofy: Liczba ofiar: Miejsce / *Kopalnia / **Jednostka: % Poprawnych
28.01.2006 budowlana 65 Chorzów / Katowice
64%
15.02.1979 wybuch gazu 49 Warszawa
62%
9.05.1987 lotnicza 183 Las Kabacki
60%
2.05.1994 drogowa 34 Kokoszki / Gdańsk
56%
19.08.1980 kolejowa 67 Brzoza Toruńska / Otłoczyn
35%
21.11.2006 górnicza* 23 Halemba / Ruda Śląska
35%
14.03.1980 lotnicza 87 Okęcie
31%
28.08.1958 górnicza* 72 Makoszowy / Zabrze
27%
21.03.1954 górnicza* 80-120 Barbara / Wyzwolenie / Chorzów
21%
14.01.1993 morska** 55 Jan Heweliusz
20%
13.04.2009 pożar 23 Kamień Pomorski
19%
26.06 - 2.07.1971 pożar 37 Czechowice Dziedzice
18%
3.11.1976 kolejowa 26 Julianka / Częstochowa
18%
2.04.1969 lotnicza 53 Polica
18%
15.11.1978 drogowa 30 Żywiec
17%
9.10.1962 kolejowa 34 Jarosty / Moszczenica / Piotrków Trybunalski
14%
31.10 - 1.11.1980 pożar 55 Górna Grupa
12%
4.06.1981 kolejowa 25 Osieck
11%
11.05.1955 pożar 58 Wielopole Skrzyńskie
6%
18.07.1948 wodna 25 Gardna Wielka
5%
Nie znaleziono quizów pasujących do podanych kryteriów
Rozkład punktacji
Procent ludzi z każdym wynikiem
Percentyl według liczby udzielonych odpowiedzi
Twoja historia wyników
Nie rozwiązałeś tego quizu